[Event "Catalunya-chT Gp1"]
[Site "Barcelona"]
[Date "2022.03.19"]
[Round "9.1"]
[White "Gallego Alcaraz, Andres Felipe"]
[Black "Fluvia Poyatos, Jordi"]
[Result "1-0"]
[WhiteElo "2523"]
[BlackElo "2465"]
[PlyCount "83"]
[EventDate "2022.01.22"]
[EventType "team-tourn"]
[EventRounds "9"]
[EventCountry "ESP"]
[SourceTitle "CBM 208 Extra"]
[Source "ChessBase"]
[SourceDate "2022.07.31"]
[SourceVersion "1"]
[SourceVersionDate "2022.07.31"]
[SourceQuality "1"]
[WhiteTeam "Badalona Cor de Marina"]
[BlackTeam "Geva CEA"]
[WhiteTeamCountry "ESP"]
[BlackTeamCountry "ESP"]

1. d4 d6 2. Nf3 Bg4 3. c3 Nd7 4. Qb3 Rb8 5. Nbd2 e6 6. e4 Ngf6 7. Bd3 Be7 8. h3 Bh5 9. a4 0-0 10. 0-0 Bg6 11. Qc2 c5 12. e5 Bxd3 13. Qxd3 Ne8 14. Ne4 cxd4 15. cxd4 dxe5 16. dxe5 Nc5 17. Nxc5 Bxc5 18. Qc2 Rc8 19. Bg5 Qc7 20. Qe4 Qc6 21. Qh4 f6 22. exf6 Nxf6 23. Rac1 Qb6 24. Bxf6 gxf6 25. Rc4 Kh8 26. Rfc1 Rc6 27. R1c2 Qd8 28. g3 Qd5 29. Kg2 e5 30. Rd2 Bd4 31. Rxc6 bxc6 32. Qh6 Kg8 33. Qh5 Qe4 34. b4 Rb8 35. Kh2 Kg7 36. Nxd4 exd4 37. Re2 Qg6 38. Qc5 d3 39. Qxa7+ Kh6 40. Qe3+ Kg7 41. Rd2 Qf5 42. Qa7+ 1-0

[Event "Iberoamericano Chess24"]
[Site "chess24.com INT"]
[Date "2020.06.01"]
[Round "1.1"]
[White "Fluvia Poyatos, Jordi"]
[Black "Shirov, Alexei"]
[Result "0-1"]
[WhiteElo "2461"]
[BlackElo "2647"]
[PlyCount "66"]
[EventDate "2020.06.01"]
[EventType "k.o. (blitz)"]
[EventRounds "6"]
[EventCountry "ESP"]
[SourceTitle "CBM 197 Extra"]
[Source "ChessBase"]
[SourceDate "2020.09.30"]
[SourceVersion "1"]
[SourceVersionDate "2020.09.30"]
[SourceQuality "1"]

1. e4 c5 2. Nc3 Nc6 3. Bb5 Nd4 4. Nf3 Nxb5 5. Nxb5 d6 6. d4 Nf6 7. Nc3 cxd4 8. Qxd4 e5 9. Qd3 Be6 10. Bg5 Be7 11. 0-0 0-0 12. Rfd1 Ne8 13. Bxe7 Qxe7 14. Nd2 f5 15. exf5 Bxf5 16. Nde4 Kh8 17. Qe3 Rd8 18. Qxa7 Nf6 19. Nxf6 gxf6 20. Rd2 Rg8 21. g3 Bg4 22. Nd5 Qf7 23. Ne3 Bf3 24. c4 f5 25. Rad1 Bxd1 26. Rxd1 f4 27. Nd5 Qh5 28. Rd2 Rdf8 29. Qxb7 Qh3 30. Ne7 fxg3 31. Nxg8 Qxh2+ 32. Kf1 Rxf2+ 33. Ke1 Qg1# 0-1

[Event "Iberoamericano Chess24"]
[Site "chess24.com INT"]
[Date "2020.06.01"]
[Round "1.3"]
[White "Fluvia Poyatos, Jordi"]
[Black "Shirov, Alexei"]
[Result "0-1"]
[WhiteElo "2461"]
[BlackElo "2647"]
[PlyCount "122"]
[EventDate "2020.06.01"]
[EventType "k.o. (blitz)"]
[EventRounds "6"]
[EventCountry "ESP"]
[SourceTitle "CBM 197 Extra"]
[Source "ChessBase"]
[SourceDate "2020.09.30"]
[SourceVersion "1"]
[SourceVersionDate "2020.09.30"]
[SourceQuality "1"]

1. e4 c5 2. Nc3 Nc6 3. Bb5 Nd4 4. Nf3 Nxb5 5. Nxb5 d6 6. d4 Nf6 7. Nc3 cxd4 8. Qxd4 e5 9. Qd3 h6 10. Nd2 Be6 11. Nc4 d5 12. Nxe5 dxe4 13. Qb5+ Nd7 14. Nxd7 Qxd7 15. Qxd7+ Bxd7 16. Nxe4 Bf5 17. Nc3 Bxc2 18. 0-0 0-0-0 19. Bf4 Rd4 20. Be3 Rc4 21. Bxa7 Bb4 22. Rac1 Bd3 23. Rfd1 Rd8 24. Na4 Rxc1 25. Rxc1+ Kd7 26. Bb6 Rc8 27. Rd1 Ke6 28. a3 Bd6 29. Nc3 Bf5 30. Re1+ Kd7 31. Rd1 Ke6 32. Nb5 Be5 33. Re1 Kf6 34. Bd4 Bxd4 35. Nxd4 Rc4 36. Rd1 Bc2 37. Rd2 Ba4 38. f3 Rc1+ 39. Kf2 Ke5 40. Ne2 Ra1 41. Nc3 Bc6 42. Rd1 Rxd1 43. Nxd1 Kd4 44. Ke2 Bb5+ 45. Kd2 f5 46. g3 g5 47. Nf2 f4 48. gxf4 gxf4 49. Nh3 Ke5 50. Nf2 Kd4 51. Nh3 Ke5 52. b3 Bc6 53. Ke2 Bd5 54. b4 Bc4+ 55. Kf2 Be6 56. Ng1 Bc4 57. Nh3 b5 58. Kg2 Be6 59. Nf2 Kd4 60. Ng4 h5 61. Nf6 h4 0-1

[Event "Iberoamericano Chess24"]
[Site "chess24.com INT"]
[Date "2020.06.01"]
[Round "1.4"]
[White "Shirov, Alexei"]
[Black "Fluvia Poyatos, Jordi"]
[Result "1-0"]
[WhiteElo "2647"]
[BlackElo "2461"]
[PlyCount "53"]
[EventDate "2020.06.01"]
[EventType "k.o. (blitz)"]
[EventRounds "6"]
[EventCountry "ESP"]
[SourceTitle "CBM 197 Extra"]
[Source "ChessBase"]
[SourceDate "2020.09.30"]
[SourceVersion "1"]
[SourceVersionDate "2020.09.30"]
[SourceQuality "1"]

1. e4 e5 2. Nf3 d5 3. exd5 e4 4. Qe2 Nf6 5. Nc3 Be7 6. Nxe4 Nxd5 7. g3 0-0 8. Bg2 Re8 9. 0-0 Bf8 10. Qc4 Nb6 11. Qd4 Bd7 12. d3 Nc6 13. Qc3 Bb4 14. Qb3 Bg4 15. Nfg5 Re7 16. Nxf7 Rxf7 17. Ng5 Bh5 18. Bxc6 bxc6 19. Nxf7 Bxf7 20. Qxb4 Qf6 21. Qf4 Qg6 22. Bd2 Rf8 23. Qg5 Qd6 24. Bc3 Bg6 25. Rae1 Nd5 26. Qe5 Qd7 27. Qe6+ 1-0

[Event "Iberoamerican-ch 7th"]
[Site "Linares"]
[Date "2019.08.16"]
[Round "7"]
[White "Lopez Martinez, Josep Manuel"]
[Black "Fluvia Poyatos, Jordi"]
[Result "1-0"]
[WhiteElo "2581"]
[BlackElo "2455"]
[PlyCount "89"]
[EventDate "2019.08.10"]
[EventType "swiss"]
[EventRounds "9"]
[EventCountry "ESP"]
[SourceTitle "CBM 191 Extra"]
[Source "ChessBase"]
[SourceDate "2019.09.30"]
[SourceVersion "1"]
[SourceVersionDate "2019.09.30"]
[SourceQuality "1"]

1. d4 Nf6 2. c4 g6 3. f3 Nc6 4. d5 Ne5 5. e4 d6 6. Nc3 Bg7 7. f4 Ned7 8. Nh3 0-0 9. Be3 e6 10. dxe6 fxe6 11. Be2 b6 12. Qc2 Bb7 13. 0-0 Qe7 14. Rad1 Rae8 15. Nf2 Nh5 16. g3 Bh6 17. Qd2 Rd8 18. Bf3 Nhf6 19. Bg2 Ba8 20. Qe2 Bg7 21. Nb5 e5 22. Nxc7 exf4 23. Bxf4 Ne5 24. Nd5 Bxd5 25. exd5 Nfd7 26. Ne4 h6 27. Bh3 Nc5 28. Nxc5 bxc5 29. Be6+ Kh7 30. Qe4 Kh8 31. b4 Qc7 32. b5 Qe7 33. Bxe5 Bxe5 34. Qxg6 Qg7 35. Qxg7+ Kxg7 36. Rd3 Bd4+ 37. Kg2 Rxf1 38. Kxf1 Rf8+ 39. Ke1 Bb2 40. Rb3 Bc1 41. a4 Rb8 42. a5 Bg5 43. Rf3 Rb7 44. a6 Rc7 45. b6 1-0

[Event "Iberoamerican-ch 7th"]
[Site "Linares"]
[Date "2019.08.15"]
[Round "6"]
[White "Fluvia Poyatos, Jordi"]
[Black "Gavarrete, Nahun"]
[Result "1-0"]
[WhiteElo "2455"]
[BlackElo "2349"]
[PlyCount "53"]
[EventDate "2019.08.10"]
[EventType "swiss"]
[EventRounds "9"]
[EventCountry "ESP"]
[SourceTitle "CBM 191 Extra"]
[Source "ChessBase"]
[SourceDate "2019.09.30"]
[SourceVersion "1"]
[SourceVersionDate "2019.09.30"]
[SourceQuality "1"]

1. d4 Nf6 2. c4 g6 3. Nc3 d5 4. cxd5 Nxd5 5. e4 Nxc3 6. bxc3 Bg7 7. Nf3 0-0 8. Be2 c5 9. 0-0 cxd4 10. cxd4 Nc6 11. Be3 Bg4 12. d5 Bxa1 13. Qxa1 Na5 14. Bh6 f6 15. Bxf8 Kxf8 16. Nd4 Bd7 17. Qc1 Rc8 18. Qh6+ Kg8 19. Bb5 e5 20. Bxd7 Qxd7 21. Ne6 Nc4 22. f4 Qe7 23. fxe5 Nxe5 24. Rc1 Rxc1+ 25. Qxc1 h5 26. Qc8+ Kf7 27. Qh8 1-0

[Event "Iberoamerican-ch 7th"]
[Site "Linares"]
[Date "2019.08.14"]
[Round "5"]
[White "Albornoz Cabrera, Carlos Daniel"]
[Black "Fluvia Poyatos, Jordi"]
[Result "1-0"]
[WhiteElo "2566"]
[BlackElo "2455"]
[PlyCount "75"]
[EventDate "2019.08.10"]
[EventType "swiss"]
[EventRounds "9"]
[EventCountry "ESP"]
[SourceTitle "CBM 191 Extra"]
[Source "ChessBase"]
[SourceDate "2019.09.30"]
[SourceVersion "1"]
[SourceVersionDate "2019.09.30"]
[SourceQuality "1"]

1. e4 c6 2. d4 d5 3. e5 c5 4. dxc5 e6 5. a3 Bxc5 6. b4 Bb6 7. Qg4 Ne7 8. Qxg7 Rg8 9. Qxh7 Nbc6 10. Nf3 Qc7 11. Bb2 Bd7 12. c4 dxc4 13. Nbd2 c3 14. Bxc3 0-0-0 15. Qc2 Nf5 16. Nc4 Kb8 17. 0-0-0 Nce7 18. Rg1 Nd5 19. Bb2 Rc8 20. Kb1 Bb5 21. Rc1 Qe7 22. Qd2 Rgd8 23. Nxb6 Nxb6 24. Rxc8+ Nxc8 25. Qc2 Bxf1 26. Rxf1 Nb6 27. Rc1 Nd5 28. g3 Qd7 29. Ng5 Nb6 30. Ne4 Rc8 31. Nc5 Qd5 32. a4 Rc6 33. a5 Nd4 34. Qd3 Nf3 35. axb6 Rxc5 36. Qxd5 Rxd5 37. Rc8+ Kxc8 38. bxa7 1-0

[Event "Andorra op 37th"]
[Site "Escaldes"]
[Date "2019.08.03"]
[Round "8"]
[White "Fluvia Poyatos, Jordi"]
[Black "Cuartas, Jaime Alexander"]
[Result "1-0"]
[WhiteElo "2455"]
[BlackElo "2542"]
[PlyCount "101"]
[EventDate "2019.07.27"]
[EventType "swiss"]
[EventRounds "9"]
[EventCountry "AND"]
[SourceTitle "CBM 191 Extra"]
[Source "ChessBase"]
[SourceDate "2019.09.30"]
[SourceVersion "1"]
[SourceVersionDate "2019.09.30"]
[SourceQuality "1"]

1. Nf3 d5 2. c4 c6 3. e3 Nf6 4. Nc3 e6 5. d4 Nbd7 6. Bd2 b6 7. Bd3 Bb7 8. 0-0 dxc4 9. Bxc4 b5 10. Bd3 Bd6 11. b4 0-0 12. a3 e5 13. Qc2 exd4 14. exd4 h6 15. Rfe1 a5 16. bxa5 Bc7 17. Ne4 Bxa5 18. Bxa5 Rxa5 19. Nd6 Qb8 20. Nf5 Qa8 21. Ne5 Nxe5 22. dxe5 Nd5 23. Qc1 Qd8 24. Nxh6+ Kh8 25. Nf5 Ra4 26. Re4 Kg8 27. Rxa4 bxa4 28. Rb1 Bc8 29. Qxc6 Bxf5 30. Bxf5 Ne7 31. Qd7 Nxf5 32. Qxf5 Qd5 33. Qc2 Ra8 34. Re1 Qb3 35. Qc5 Rd8 36. h3 Rd3 37. Re3 Rd1+ 38. Kh2 Qb1 39. Qc8+ Kh7 40. Qg4 g6 41. e6 Rh1+ 42. Kg3 fxe6 43. Qxe6 Qb8+ 44. f4 Rb1 45. Qd7+ Kh6 46. Qxa4 g5 47. Qc6+ Kh5 48. Qf3+ Kh6 49. Re6+ Kg7 50. Qc3+ Kg8 51. Rg6+ 1-0

[Event "Badalona op 44th"]
[Site "Badalona"]
[Date "2018.08.09"]
[Round "9"]
[White "Fluvia Poyatos, Jordi"]
[Black "Escalante Ramirez, Brian Sebastian"]
[Result "1-0"]
[WhiteElo "2442"]
[BlackElo "2438"]
[PlyCount "81"]
[EventDate "2018.08.01"]
[EventType "swiss"]
[EventRounds "9"]
[EventCountry "ESP"]
[SourceTitle "CBM 185 Extra"]
[Source "ChessBase"]
[SourceDate "2018.07.29"]
[SourceVersion "1"]
[SourceVersionDate "2018.07.29"]
[SourceQuality "1"]

1. e4 Nf6 2. d3 d5 3. Nd2 e5 4. Ngf3 Nc6 5. c3 a5 6. Be2 Bd6 7. 0-0 0-0 8. Re1 Re8 9. Qc2 Bc5 10. h3 h6 11. b3 d4 12. Bb2 b6 13. cxd4 exd4 14. Bf1 a4 15. a3 Bb7 16. b4 Bf8 17. b5 Na7 18. Qxa4 Bc5 19. Qc4 c6 20. a4 Qd7 21. Nxd4 Rac8 22. bxc6 Nxc6 23. Nxc6 Rxc6 24. d4 Bd6 25. Qb3 Bf4 26. d5 Nxd5 27. exd5 Rg6 28. Rxe8+ Qxe8 29. Nf3 Qd7 30. Ne5 Bxe5 31. Bxe5 Bxd5 32. Rd1 Bxb3 33. Rxd7 f6 34. Bd4 Bxa4 35. Bc4+ Kf8 36. Rf7+ Ke8 37. Ra7 Bd7 38. Bxb6 f5 39. Ra8+ Ke7 40. Bc5+ Kf6 41. Ra6+ 1-0

[Event "Andorra op 36th"]
[Site "Escaldes"]
[Date "2018.07.27"]
[Round "7"]
[White "Fluvia Poyatos, Jordi"]
[Black "Postny, Evgeny"]
[Result "1/2-1/2"]
[WhiteElo "2436"]
[BlackElo "2585"]
[PlyCount "117"]
[EventDate "2018.07.21"]
[EventType "swiss"]
[EventRounds "9"]
[EventCountry "AND"]
[SourceTitle "CBM 185 Extra"]
[Source "ChessBase"]
[SourceDate "2018.07.29"]
[SourceVersion "1"]
[SourceVersionDate "2018.07.29"]
[SourceQuality "1"]

1. e4 e5 2. Nf3 Nc6 3. d4 exd4 4. Nxd4 Bc5 5. Nxc6 Qf6 6. Qf3 Qxf3 7. gxf3 bxc6 8. Nd2 Ne7 9. Nb3 Bb6 10. a4 a5 11. Be3 0-0 12. 0-0-0 Bxe3+ 13. fxe3 d6 14. Rg1 Kh8 15. h4 Be6 16. Nd4 Bd7 17. h5 f5 18. e5 Nd5 19. exd6 cxd6 20. Nb5 Be8 21. h6 gxh6 22. Nxd6 Nxe3 23. Rd2 Bg6 24. Nc4 f4 25. Ne5 Rf6 26. Bd3 Bxd3 27. Rxd3 Rg8 28. Rxg8+ Kxg8 29. Rd8+ Kg7 30. Rd7+ Kg8 31. Rd8+ Rf8 32. Rxf8+ Kxf8 33. Nxc6 h5 34. Nd4 Ke7 35. Ne2 Nd5 36. Ng1 Kd6 37. c3 Nb6 38. b3 Nd7 39. Kd2 Ne5 40. Ke2 Kd5 41. Nh3 Ng6 42. Kd2 h4 43. Ke2 Kc5 44. Kf2 Kd5 45. Kg2 Kd6 46. Ng5 Ne5 47. Ne4+ Kd5 48. Nd2 Nd3 49. Kh3 Nc1 50. Kxh4 Ne2 51. Ne4 Nc1 52. b4 axb4 53. cxb4 Nd3 54. b5 Ne5 55. Nd2 Kc5 56. Kg5 Kb4 57. Kxf4 Nd7 58. Ne4 Kxa4 59. Kg5 1/2-1/2